00937nam a2200241Ia 4500001000600000003000900006008004100015040001300056040001300069041001200082100002100094100002900115245005900144245003300203250001100236260001100247260002600258260004900284300005700333500023500390650003900625650003100664F0278IT-RoPAU130308s9999 xx 000 0 und d aIT-RoPAU cIT-RoPAU aINGLESE aGarnham Nicholas gCodice Aut. SPICS: 6263 aPolitical Economy and the practice of Cultural Studies bCultural Studies in Question a1a ed. aLONDON bSage Publications Ltd c1997 [1° Ed.:1997 - Ed.Ling.Originale:1997] a"18 p. (prefazione: no ; testo: 18 [pagine: 56-73])" aEconomia Politica e Pratica degli Studi Culturali. Studi Culturali e Questione dell'Ideologia. Studi Culturali e Concetto di Dominazione Esubordinazione. Cultura e Globalizazzione. Intellettuali, Studi Culturali e falsa Coscienza. aTEORIA DELLA COMUNICAZIONE SOCIALE eCodice materia Spics: 3802